The Kebble collusion ten fateful days in a R26 billion fraud (Record no. 163217)

MARC details
000 -LEADER
fixed length control field 00316nam a2200097Ia 4500
082 ## - DEWEY DECIMAL CLASSIFICATION NUMBER
Classification number 658.40968|SERG
008 - FIXED-LENGTH DATA ELEMENTS--GENERAL INFORMATION
fixed length control field 210817s9999 xx 000 0 und d
100 ## - MAIN ENTRY--PERSONAL NAME
Personal name SERGEANT, Barry Auckland Park, South Africa, 2012
9 (RLIN) 50826
245 #0 - TITLE STATEMENT
Title The Kebble collusion ten fateful days in a R26 billion fraud
942 ## - ADDED ENTRY ELEMENTS
item type Books
Holdings
Withdrawn status Lost status Damaged status Not for loan Home library Current library Date acquired Cost, normal purchase price Total Checkouts Barcode Date last seen Price effective from item type
        Emthonjeni PL (MMID-PLEMA-EMTH) Emthonjeni PL (MMID-PLEMA-EMTH) 18.08.2021 400.00   3322810039480 18.08.2021 18.08.2021 Books